<?xml version="1.0" encoding="UTF-8"?><?xml-stylesheet type="text/xsl" href="static/style.xsl"?><OAI-PMH xmlns="http://www.openarchives.org/OAI/2.0/" xmlns:xsi="http://www.w3.org/2001/XMLSchema-instance" xsi:schemaLocation="http://www.openarchives.org/OAI/2.0/ http://www.openarchives.org/OAI/2.0/OAI-PMH.xsd"><responseDate>2026-06-05T19:28:59Z</responseDate><request verb="GetRecord" identifier="oai:riubu.ubu.es:10259/4143" metadataPrefix="marc">https://riubu.ubu.es/oai/request</request><GetRecord><record><header><identifier>oai:riubu.ubu.es:10259/4143</identifier><datestamp>2024-03-11T11:10:52Z</datestamp><setSpec>com_10259_5841</setSpec><setSpec>com_10259_5086</setSpec><setSpec>com_10259_2604</setSpec><setSpec>col_10259_5842</setSpec></header><metadata><record xmlns="http://www.loc.gov/MARC21/slim" xmlns:doc="http://www.lyncode.com/xoai" xmlns:xsi="http://www.w3.org/2001/XMLSchema-instance" xmlns:dcterms="http://purl.org/dc/terms/" xsi:schemaLocation="http://www.loc.gov/MARC21/slim http://www.loc.gov/standards/marcxml/schema/MARC21slim.xsd">
<leader>00925njm 22002777a 4500</leader>
<datafield tag="042" ind1=" " ind2=" ">
<subfield code="a">dc</subfield>
</datafield>
<datafield tag="720" ind1=" " ind2=" ">
<subfield code="a">Serrano Pintado, Isabel</subfield>
<subfield code="e">author</subfield>
</datafield>
<datafield tag="720" ind1=" " ind2=" ">
<subfield code="a">Escolar Llamazares, María del Camino</subfield>
<subfield code="e">author</subfield>
</datafield>
<datafield tag="260" ind1=" " ind2=" ">
<subfield code="c">2014-06</subfield>
</datafield>
<datafield tag="520" ind1=" " ind2=" ">
<subfield code="a">We set out the stages in the general procedure of a stress inoculation program for the treatment of&#xd;
test anxiety in university students, with the aim of adapting it to the characteristics of each participant.&#xd;
Research has previously been conducted to that end (Serrano, Delgado, &amp; Escolar, 2010;&#xd;
Serrano, Escolar, &amp; Delgado, 2002; Serrano, Escolar, &amp; Delgado, 2011) on dismantling strategies in&#xd;
a real clinical field. We conclude that there are individual response patterns to test anxiety, so it is&#xd;
therefore necessary to adapt the intervention to the principle variable that is affected in each individual&#xd;
(Escolar &amp; Serrano, 2012). We do not consider that training in study skills is appropriate,&#xd;
when treating problems of irrational anxiety.</subfield>
</datafield>
<datafield tag="024" ind2=" " ind1="8">
<subfield code="a">http://hdl.handle.net/10259/4143</subfield>
</datafield>
<datafield tag="024" ind2=" " ind1="8">
<subfield code="a">10.4236/psych.2014.58106</subfield>
</datafield>
<datafield ind1=" " ind2=" " tag="653">
<subfield code="a">Stress Inoculation</subfield>
</datafield>
<datafield ind1=" " ind2=" " tag="653">
<subfield code="a">Irrational Test Anxiety</subfield>
</datafield>
<datafield ind1=" " ind2=" " tag="653">
<subfield code="a">Worry-Emotionality</subfield>
</datafield>
<datafield ind1=" " ind2=" " tag="653">
<subfield code="a">Individual Response Patterns</subfield>
</datafield>
<datafield tag="245" ind1="0" ind2="0">
<subfield code="a">Description of the general procedure of a stress inoculation program to cope with the test anxiety</subfield>
</datafield>
</record></metadata></record></GetRecord></OAI-PMH>